|
|
|
|
| LEADER |
00661nam a22001932a 4500 |
| 001 |
000115200 |
| 003 |
CZ BrMZK |
| 005 |
20020726103651.0 |
| 007 |
ta |
| 008 |
010907s1966 xr f cze d |
| 040 |
|
|
|a BOA001
|b cze
|c BOA001
|
| 100 |
1 |
|
|a Marek, Ladislav
|7 mzk2009544577
|4 aut
|
| 245 |
1 |
0 |
|a Přirozené enzymy v mléku :
|b literární studie /
|c Ladislav Marek
|
| 260 |
|
|
|a Praha :
|b Ústřední výzkumný ústav potravinářského průmyslu,
|c 1966
|
| 300 |
|
|
|a 4, 144 s.
|
| 504 |
|
|
|a Bibliografie na s. 130-131
|
| 910 |
|
|
|a BOA001
|b 4-0577.568
|
| 990 |
|
|
|a BK
|
| 996 |
6 |
|
|b 2619968886
|c 4-0577.568
|l MZK
|r Sklad / do 1 hodiny
|n 14
|w 000115200
|u 000010
|a 1
|e BOA001
|j MZK50
|s P
|